| 000 | 00385nam a2200145Ia 4500 | ||
|---|---|---|---|
| 008 | 230917s9999||||xx |||||||||||||| ||und|| | ||
| 040 |
_e52479 _aMAIN |
||
| 041 | _aEnglish | ||
| 082 | _aB L148J:L | ||
| 100 | _aJoshi, Vijaya Chandra, ed. | ||
| 245 | 0 | _aLala Lajpat Rai: Writings and speeches | |
| 260 |
_aDelhi _bUniversity Publishers _c1966 |
||
| 300 | _alxiv, 423 p. | ||
| 942 | _cBK | ||
| 999 |
_c109413 _d109413 |
||